Řízení efektivnosti a kvality ve vnitropodnikových útvarech v podmínkách zdokonalené soustavy plánovitého řízení národního hospodářství

Guardado en:
Detalles Bibliográficos
Autor principal: Voráč, Přemysl
Formato: Libro
Lenguaje:checo
Publicado: Praha Práce 1980
Colección:Na pomoc ekonomické výchově
Etiquetas: Agregar Etiqueta
Sin Etiquetas, Sea el primero en etiquetar este registro!

MARC

LEADER 00000nam a2200000 4500
001 c111451
005 20050302095215.8
041 0 |a cze 
044 |a CZ 
245 1 0 |a Řízení efektivnosti a kvality ve vnitropodnikových útvarech v podmínkách zdokonalené soustavy plánovitého řízení národního hospodářství  |c Přemysl Voráč 
264 1 |a Praha  |b Práce  |c 1980 
300 |a 150 s. 
490 1 |a Na pomoc ekonomické výchově 
830 0 |a Na pomoc ekonomické výchově 
100 1 |a Voráč, Přemysl